Social Science and the Improvement of Tropical Disease Control Programs

Saved in:
Bibliographic Details
Main Author: Singer, Burton
Format: Book
Language:English
Published: New Haven Yale University 1990
Edition:1. ed.
Series:Center Paper No. 434
Tags: Add Tag
No Tags, Be the first to tag this record!

MARC

LEADER 00000nam a2200000 4500
001 c039423
005 20221215114435.3
041 0 |a eng 
044 |a US 
245 1 0 |a Social Science and the Improvement of Tropical Disease Control Programs  |c Burton Singer 
250 |a 1. ed. 
264 1 |a New Haven  |b Yale University  |c 1990 
300 |a S. 275-287 
490 1 |a Center Paper  |v No. 434 
830 0 |a Center Paper  |v No. 434 
100 1 |a Singer, Burton